Every Manchester United Premier League Hat Trick - Statistics

General Stats
  • This quiz has been taken 266 times
  • The average score is 13 of 15
Answer Stats
Answer % Correct
Cristiano Ronaldo
100%
Wayne Rooney
99%
Bruno Fernandes
97%
Dimitar Berbatov
96%
Robin van Persie
96%
Ruud van Nistelrooy
93%
Anthony Martial
89%
Amad Diallo
87%
Dwight Yorke
86%
Ole Gunnar Solskjaer
86%
Andrew Cole
81%
Shinji Kagawa
78%
Paul Scholes
74%
Teddy Sheringham
64%
Andrei Kanchelskis
45%
No matching quizzes found
Score Distribution
Percent of People with Each Score
Percentile by Number Answered
Your Score History
You have not taken this quiz